The bachelor father : (Record no. 17639)

MARC details
000 -LEADER
fixed length control field 00669cam a22002171i 4500
001 - CONTROL NUMBER
control field ca 34001822
003 - CONTROL NUMBER IDENTIFIER
control field DLC
005 - DATE AND TIME OF LATEST TRANSACTION
control field 20260227111135.0
008 - FIXED-LENGTH DATA ELEMENTS--GENERAL INFORMATION
fixed length control field 761208s1932 nyu 000 0 eng
010 ## - LIBRARY OF CONGRESS CONTROL NUMBER
LC control number ca 34001822
035 ## - SYSTEM CONTROL NUMBER
System control number (OCoLC)2607662
040 ## - CATALOGING SOURCE
Original cataloging agency DLC
Transcribing agency MNoW
Modifying agency DLC
042 ## - AUTHENTICATION CODE
Authentication code premarc
050 00 - LIBRARY OF CONGRESS CALL NUMBER
Classification number PS3505.A728
Item number B4 1932
082 ## - DEWEY DECIMAL CLASSIFICATION NUMBER
Classification number 812.5
100 1# - MAIN ENTRY--PERSONAL NAME
Personal name Carpenter, Edward Childs,
Dates associated with a name 1872-1950.
245 14 - TITLE STATEMENT
Title The bachelor father :
Remainder of title a comedy in three acts /
Statement of responsibility, etc. by Edward Childs Carpenter.
260 ## - PUBLICATION, DISTRIBUTION, ETC.
Place of publication, distribution, etc. New York ;
-- Los Angeles :
Name of publisher, distributor, etc. French,
Date of publication, distribution, etc. 1932.
300 ## - PHYSICAL DESCRIPTION
Extent 144 p. (4 leaves of plates) :
Other physical details ill. ;
Dimensions 19 cm.
490 0# - SERIES STATEMENT
Series statement French's standard library edition

No items available.

Powered by Koha